000 02705nam0a2200421 4500
001 RU\NLR\BIBL_A\022005602
005 20231023175452.0
010 _a978-5-85151-180-6
_91500
021 _aRU
_bКН-П-23-044458
_9КН-П-23-4449
035 _a(NLR Aleph) 022005602
035 _a(RuMoRGB)011925890
090 _a12467718
_c12467718
100 _a20230815d2022 u y0rusy50 ca
101 0 _arus
102 _aRU
105 _aас||j|||000zy
181 0 _ai3
_baxxe
182 0 _an
200 1 _aИстория Архангельского Севера с 1914 г. до наших дней
_eучебное пособие для учащихся образовательных организаций среднего профессионального образования
_eбазовый и углублённый уровни
_eсоответствует региональному историко-культурному стандарту Архангельской области
_fканд. ист. наук Р. Ю. Болдырев, канд. ист. наук П. С. Журавлёв, канд. ист. наук О. В. Зарецкая [и др.]
_gпод ред. Р. Ю. Болдырева
_gМинистерство образования Архангельской области, ФГАОУ ВО "Северный (Арктический) федеральный университет имени М. В. Ломоносова [и др.]
203 _aТекст
_bвизуальный
_cнепосредственный
210 _aАрхангельск
_cАО ИОО
_d2022
215 _a245, [1] с.
_cил., цв. ил., портр.
_d29
300 _aАвт. указаны на обороте тит. с.
300 _aДоп. информ. в ссылках QR-кодов кн.
320 _aБиблиогр.: с. 240-244
607 _aАрхангельская область
_xИстория
_z20 - нач. 21 вв.
_2nlr_sh2
_3RU\NLR\AUTH\6601730962
675 _a94(470.11)"1914/20"(075.32)
_v4
686 1 _aТ3(2Р-4Арх)52,02
686 1 _aТ3(2Р-4Арх)7,02
701 1 _aБолдырев
_bР. Ю.
_f1977-
_gРоман Юрьевич
701 1 _aЖуравлев
_bП.С.
_gПавел Сергеевич
_3RU\NLR\AUTH\7763363
701 1 _aЗарецкая
_bО. В.
_gОксана Валерьевна
712 0 2 _aСеверный (Арктический) федеральный университет им. М. В. Ломоносова
_cАрхангельск
_3RU\NLR\AUTH\8810168102
_4570
942 _cBOOK
980 _aNB